Through the eyes of the pupil
-д хадгалсан:
| Үндсэн зохиолчид: | , |
|---|---|
| Формат: | Ном |
| Хэл сонгох: | англи |
| Хэвлэсэн: |
Londres
McGraw-Hill
1974
|
| Цуврал: | Science Teacher Education Project
|
| Нөхцлүүд: | |
| Шошгууд: |
Шошго нэмэх
Шошго байхгүй, Энэхүү баримтыг шошголох эхний хүн болох!
|
MARC
| LEADER | 00000nam a2200000 a 4500 | ||
|---|---|---|---|
| 001 | UCT4958 | ||
| 003 | CL-VaPUC | ||
| 008 | 961127e19740000UK |||||||||||||||||eng|d | ||
| 082 | 0 | 4 | |a 371.102 |b CAR |2 21 |
| 100 | 0 | |a Carré, Clive |e author |9 374239 | |
| 700 | 0 | |a Head, John |e author |9 374240 | |
| 245 | 1 | 0 | |a Through the eyes of the pupil |
| 300 | |a 77 p | ||
| 942 | |c BK | ||
| 945 | |d 19961127 00:00:00 |a paguirre | ||
| 260 | |a Londres |b McGraw-Hill |c 1974 | ||
| 650 | 7 | |a RELACION DOCENTE ALUMNO |2 CL-VaPUC |9 307734 | |
| 650 | 0 | |a Docentes |9 311365 | |
| 650 | 0 | |a Alumnos |9 335074 | |
| 650 | 0 | |a Ciencia |9 255691 | |
| 650 | 0 | |a Métodos de enseñanza |9 270413 | |
| 583 | |a last modification |c 19961127 00:00:00 |k Rodrigo Vera | ||
| 490 | 0 | |a Science Teacher Education Project | |
| 999 | |c 254037 |d 254035 | ||
| 952 | |0 0 |1 0 |4 0 |6 371_102000000000000_CAR_1974 |7 0 |8 A |9 275382 |a BIBCUR |b BIBCUR |d 2019-11-19 |i 1791907 |o 371.102 CAR 1974 |p 1791907 |r 2025-04-22 |w 2019-11-19 |y BK |k BCB | ||